Fault detection, supervision and safety of technical processes 2006 : a proceedings volume from the 6th IFAC symposium, SAFEPROCESS, Beijing, P.R. China, August 30-September 1, 2006 /

The safe and reliable operation of technical systems is of great significance for the protection of human life and health, the environment, and of the vested economic value. The correct functioning of those systems has a profound impact also on production cost and product quality. The early detectio...

Full description

Bibliographic Details
Corporate Authors: IFAC Symposium on Fault Detection, Supervision, and Safety for Technical Processes Beijing, China, International Federation of Automatic Control, ScienceDirect (Online service)
Other Authors: Zhang, Hong-Yue
Format: Conference Proceeding eBook
Language:English
Published: Oxford ; Burlington, MA : Elsevier, 2007.
Edition:1st ed.
Subjects:
Online Access:Connect to the full text of this electronic book

MARC

Tag First Indicator Second Indicator Subfields
LEADER 00000cam a2200000Ia 4500
001 in00002425320
005 20190327171534.0
006 m d
007 cr cn|||||||||
008 070806s2007 enka sb 101 0 eng d
019 |a 148714770 
020 |a 9780080444857 
020 |a 0080444857 
035 |a (OCoLC)ocn162567906 
035 |a (OCoLC)162567906  |z (OCoLC)148714770 
037 |a 107561:107597  |b Elsevier Science & Technology  |n http://www.sciencedirect.com 
040 |a OPELS  |c OPELS  |d BTCTA  |d BAKER  |d YDXCP  |d UtOrBLW 
049 |a TEFA 
050 1 4 |a TA169.6  |b .I85 2006eb 
082 0 4 |a 620.0044  |2 22 
111 2 |a IFAC Symposium on Fault Detection, Supervision, and Safety for Technical Processes  |n (6th :  |d 2006 :  |c Beijing, China) 
245 1 0 |a Fault detection, supervision and safety of technical processes 2006 :  |b a proceedings volume from the 6th IFAC symposium, SAFEPROCESS, Beijing, P.R. China, August 30-September 1, 2006 /  |c edited by Hong-Yue Zhang. 
250 |a 1st ed. 
264 1 |a Oxford ;  |a Burlington, MA :  |b Elsevier,  |c 2007. 
300 |a 2 volumes :  |b illustrations ;  |c 30 cm. 
336 |a text  |b txt  |2 rdacontent 
337 |a computer  |b c  |2 rdamedia 
338 |a online resource  |b cr  |2 rdacarrier 
533 |a Electronic reproduction.  |b Amsterdam :  |c Elsevier Science & Technology,  |d 2007.  |n Mode of access: World Wide Web.  |n System requirements: Web browser.  |n Title from title screen (viewed on Aug. 2, 2007).  |n Access may be restricted to users at subscribing institutions. 
520 |a The safe and reliable operation of technical systems is of great significance for the protection of human life and health, the environment, and of the vested economic value. The correct functioning of those systems has a profound impact also on production cost and product quality. The early detection of faults is critical in avoiding performance degradation and damage to the machinery or human life. Accurate diagnosis then helps to make the right decisions on emergency actions and repairs. Fault detection and diagnosis (FDD) has developed into a major area of research, at the intersection of systems and control engineering, artificial intelligence, applied mathematics and statistics, and such application fields as chemical, electrical, mechanical and aerospace engineering. IFAC has recognized the significance of FDD by launching a triennial symposium series dedicated to the subject. The SAFEPROCESS Symposium is organized every three years since the first symposium held in Baden-Baden in 1991. SAFEPROCESS 2006, the 6th IFAC Symposium on Fault Detection, Supervision and Safety of Technical Processes was held in Beijing, PR China. The program included three plenary papers, two semi-plenary papers, two industrial talks by internationally recognized experts and 258 regular papers, which have been selected out of a total of 387 regular and invited papers submitted. * Discusses the developments and future challenges in all aspects of fault diagnosis and fault tolerant control * 8 invited and 36 contributed sessions included with a special session on the demonstration of process monitoring and diagnostic software tools. 
505 0 |a Fault Detection, Isolation and Identification -- Model-based methods: observers, parity relations and identification -- Statistical approaches -- Fault modelling -- Signal analysis -- Design measures for robustness -- Pattern recognition -- Computational Intelligence in Fault Diagnosis -- Expert systems -- Fuzzy logic and rough sets -- Artificial neural networks -- Neuro-fuzzy approaches -- Qualitative reasoning -- Design for Reliability and Safety -- Reliability and safety analysis -- Probabilistic safety assessment -- Testing and evaluation of safety systems -- Safety standards and qualification -- Safety evaluation tools -- Fault Tolerant Systems Design -- Fault prediction -- Fault tolerant and fail-safe control -- Design measures for fault tolerance -- Reconfigurable and scalable control systems -- Maintenance and Repair -- Maintenance and repair strategies -- Predictive maintenance -- Operator support information systems -- Life-cycle considerations -- Human Factors -- -- Human factors in automation -- Human reliability analysis -- Support for systems operation and decision making -- Industrial safety management and safety culture -- Economic, environmental and ecological aspects of fault diagnosis -- Industrial Applications and Case Studies -- Electrical, mechanical and electronic systems -- Chemical and biomedical processes -- Transportation, traffic and automotive systems -- Power systems -- Marine systems -- Aeronautics and aerospace -- Evaluation of benchmark problems. 
500 |a "Published for the International Federation of Automatic Control." 
504 |a Includes bibliographical references and index. 
500 |a Electronic resource. 
650 0 |a Fault location (Engineering)  |v Congresses. 
650 0 |a Automatic control  |v Congresses. 
655 7 |a Electronic books.  |2 local 
700 1 |a Zhang, Hong-Yue. 
710 2 |a International Federation of Automatic Control. 
776 1 |c Original  |z 0080444857  |z 9780080444857  |z 0080465234  |z 9780080465234  |z 0080465242  |z 9780080465241  |w (OCoLC)80331665 
710 2 |a ScienceDirect (Online service) 
856 4 0 |u http://proxy.library.tamu.edu/login?url=http://www.sciencedirect.com/science/book/9780080444857  |z Connect to the full text of this electronic book  |t 0 
938 |a Baker and Taylor  |b BTCP  |n BK0007057475 
938 |a Baker & Taylor  |b BKTY  |c 250.00  |d 250.00  |i 0080444857  |n 0007057475  |s active 
938 |a YBP Library Services  |b YANK  |n 2492139 
994 |a C0  |b TEF 
999 |a MARS 
999 f f |s 88b62726-fa9c-326b-a500-9bd88a1e6750  |i 17094a58-6e5c-3447-9152-d4e2c49c8318  |t 0 
952 f f |a Texas A&M University  |b College Station  |c Electronic Resources  |d Available Online  |t 0  |e TA169.6 .I85 2006eb  |h Library of Congress classification 
998 f f |a TA169.6 .I85 2006eb  |t 0  |l Available Online